| 000 | 01274cam a2200169 4500500 | ||
|---|---|---|---|
| 005 | 20260111093637.0 | ||
| 041 | _afre | ||
| 042 | _adc | ||
| 100 | 1 | 0 |
_aFaes, Hubert _eauthor |
| 245 | 0 | 0 | _aLes Voies du peuple. Éléments d’une histoire conceptuelle, Gérard Bras, Préface d’Étienne Balibar, Amsterdam, 2018, 368 p., 20 € |
| 260 | _c2018. | ||
| 500 | _a76 | ||
| 520 | _aLe film délicat et discret de Debra Granik, sur un père et sa fille vivant retirés dans une forêt, éclaire l’Amérique des marges. Il montre, dans une esthétique réaliste et poétique, les rapports de soin pour les êtres proches et la nature, la tentation de la fuite, l’inquiétude, l’émancipation et l’espoir d’une Amérique meilleure. | ||
| 520 | _aThe delicate and discreet movie by Debra Granik, about a father living with his daughter isolated in a forest, illuminatesAmerica’s margins. In a realistic and poetic style, it shows relationships based on care for relatives and nature, the temptation to escape, the disquiet, the emancipation and the hope for a better America. | ||
| 786 | 0 | _nEsprit | Javier-Février | 1 | 2018-12-20 | p. 203i-228i | 0014-0759 | |
| 856 | 4 | 1 | _uhttps://shs.cairn.info/revue-esprit-2019-1-page-203i?lang=fr&redirect-ssocas=7080 |
| 999 |
_c1626896 _d1626896 |
||